Normal view
MARC view
Entry Topical Term
001 - CONTROL NUMBER
- control field: 642
003 - CONTROL NUMBER IDENTIFIER
- control field: ARRUPE
005 - DATE AND TIME OF LATEST TRANSACTION
- control field: 20130918160637.0
008 - FIXED-LENGTH DATA ELEMENTS
- fixed length control field: 130918|| aca||aabn | a|a d
040 ## - CATALOGING SOURCE
- Original cataloging agency: ARRUPE
- Transcribing agency: ARRUPE
150 ## - HEADING--TOPICAL TERM
- Topical term or geographic name as entry element: African American women
- General subdivision: Religious life.
670 ## - SOURCE DATA FOUND
- Source citation: Work cat.: (ARRUPE)0: Copeland, M. Shawn (Mary Shawn) 639, Enfleshing freedom :, c2010.